000 05602nam a22006497a 4500
005 20080606102347.0
008 080606t xxu||||| |||| 00| 0 eng d
010 _aB-266508-540
020 _a8175736666
_c120.00
020 _a9788175736665
_c120.00
035 _aB-266508-540
040 _aDPL
_bEN
082 _a921
245 _a101 great Indian freedom fighters /
_ccompiled by Shyam Dua
246 _aOne hundred one great Indian
_bcompiled by Shyam Dua
260 _aDelhi
_bTinyTot Publications
_c2008
260 _bBlue Berry (Vender)
270 _a235, Jagriti Enclave, Viaks Marg,
_bDelhi
_e110092
300 _a108p.:
_bcol. ill.
_c24 cm (Hb)
700 _aDua, Shyam
942 _2ddc
_cCH
_h921
_mGRE
999 _c13339
_d13339